[Event "Chigorin Memorial 2016"]
[Site "St Petersburg RUS"]
[Date "2016.10.16"]
[Round "2.134"]
[White "Maksimovich, Sergey"]
[Black "Ivanov, Sergei V."]
[Result "0-1"]
[WhiteElo "1797"]
[BlackElo "2093"]
[WhiteFideId "34107107"]
[BlackFideId "24170003"]
[EventDate "2016.10.15"]

1. e4 e5 2. Nf3 Nc6 3. Bb5 a6 4. Ba4 Nf6 5. O-O Be7 6. Re1 b5 7. Bb3 d6 8. h3
O-O 9. c3 Re8 10. d3 Na5 11. Bc2 c5 12. a3 g6 13. b4 Nc6 14. Bb3 a5 15. bxc5
dxc5 16. Ng5 Rf8 17. Qc2 Nh5 18. Nf3 Qd6 19. Bd5 Bf6 20. Bh6 Ng7 21. Bg5 Bd7 22.
Nbd2 Rab8 23. Reb1 Ne7 24. Bxf6 Qxf6 25. c4 Nxd5 26. exd5 Qe7 27. Qc3 bxc4 28.
Nxc4 e4 29. Re1 f5 30. dxe4 fxe4 31. Nfd2 Bf5 32. Nxa5 Rbe8 33. Nc6 Qd6 34. Qc4
Qf6 35. Qxc5 Qg5 36. Qe3 Qf6 37. g4 Bd7 38. Nb4 h5 39. g5 Qf7 40. Qg3 Qf5 41.
Re3 h4 42. Qg2 Nh5 43. Kf1 Nf4 44. Qg4 Qe5 45. Qxd7 Qxa1+ 46. Re1 Qxa3 47. Nxe4
Rxe4 48. Rxe4 Qc1+ 49. Re1 Qc4+ 50. Kg1 Qxb4 51. Re7 Nxh3+ 52. Kg2 Nf4+ 53. Kh2
Qd4 54. Qa7 Qxa7 55. Rxa7 Nxd5 56. Kh3 Rxf2 57. Kxh4 Rf4+ 58. Kg3 Rf5 59. Kg4
Ne3+ 60. Kh4 Nc4 61. Re7 Nd2 62. Kg4 Nf3 63. Ra7 Nxg5 64. Ra8+ Kg7 65. Ra6 Nf7
66. Rb6 Ra5 67. Rb4 Nd8 68. Rc4 Ne6 69. Rb4 Kf6 70. Rc4 Rd5 71. Kg3 g5 72. Ra4
Kf5 73. Rb4 Rd3+ 74. Kf2 Ra3 75. Rb2 Kg4 76. Kg2 Nf4+ 77. Kh2 Re3 78. Rb1 Re2+
79. Kh1 Kh4 80. Rf1 Nh5 81. Rb1 g4 82. Kg1 Kh3 83. Ra1 g3 84. Kh1 Nf4 85. Kg1
Rg2+ 86. Kh1 Rh2+ 87. Kg1 0-1

[Event "Chigorin Memorial 2016"]
[Site "St Petersburg RUS"]
[Date "2016.10.16"]
[Round "2.135"]
[White "Myshkovskiy, Sviatoslav"]
[Black "Levi, Netanel"]
[Result "1-0"]
[WhiteElo "2093"]
[BlackElo "1789"]
[WhiteFideId "4110536"]
[BlackFideId "2815400"]
[EventDate "2016.10.15"]

1. d4 d5 2. Bf4 e6 3. Nf3 Bd6 4. e3 Nf6 5. Ne5 Bxe5 6. dxe5 Nfd7 7. Qg4 Kf8 8.
h4 h5 9. Qg3 c5 10. Be2 Qb6 11. b3 Qa5+ 12. c3 Nc6 13. O-O Ne7 14. Bd3 b6 15.
Rc1 b5 16. c4 bxc4 17. bxc4 Ba6 18. Nc3 dxc4 19. Be4 Rb8 20. Bg5 Qc7 21. Bxe7+
Kxe7 22. Qg5+ Kf8 23. f4 Qd8 24. Qg3 f5 25. Bf3 Kf7 26. Rd1 Qe7 27. Rd6 Rb6 28.
Rad1 Rxd6 29. Rxd6 Nb6 30. a4 Bb7 31. Bxb7 Qxb7 32. Rxe6 Rh6 33. Rxh6 gxh6 34.
e6+ Kf6 35. Qg8 Qg7 36. Qe8 Qg6 37. Qf8+ Kxe6 38. Qxc5 Qg3 39. Qe5+ Kd7 40.
Qxf5+ Kd8 41. Qf6+ Kd7 42. Qd4+ Ke8 43. Qd2 Qxh4 44. e4 Qe7 45. Qd4 Qh4 46. Qe3
Qf6 47. a5 Nd7 48. e5 Qa6 49. e6 Nf8 50. f5 Qxa5 51. Qf3 Qe5 52. Qa8+ Ke7 53.
Nd5+ Kd6 54. Qb8+ Kxd5 55. Qxe5+ Kxe5 56. e7 Kd4 57. exf8=Q c3 58. Qg7+ Kd3 59.
Qxa7 1-0

[Event "Chigorin Memorial 2016"]
[Site "St Petersburg RUS"]
[Date "2016.10.16"]
[Round "2.136"]
[White "Ufimtsev, Egor"]
[Black "Kvachko, Anastasiya"]
[Result "1-0"]
[WhiteElo "2088"]
[BlackElo "1780"]
[WhiteFideId "4146336"]
[BlackFideId "34127663"]
[EventDate "2016.10.15"]

1. e4 c6 2. d4 d5 3. Nc3 dxe4 4. Nxe4 Nd7 5. Nf3 Ngf6 6. Nxf6+ Nxf6 7. Bd3 Bg4
8. c3 e6 9. h3 Bh5 10. Bf4 Be7 11. g4 Bg6 12. Ne5 Qd5 13. Rg1 Bxd3 14. Qxd3 Qe4+
15. Qxe4 Nxe4 16. Ke2 O-O 17. Kf3 Ng5+ 18. Bxg5 Bxg5 19. Ke4 f5+ 20. gxf5 Rxf5
21. Rg2 Rf4+ 22. Kd3 h6 23. Kc4 Kh7 24. Nd3 Rh4 25. Nc5 e5 26. Nxb7 exd4 27.
cxd4 Rb8 28. Na5 Rxb2 29. Nxc6 Bf6 30. a4 a6 31. Rd1 Rc2+ 32. Kd5 Rxh3 33. Kd6
Ra3 34. a5 Raa2 35. d5 h5 36. Nb4 Rd2 37. Rxd2 Rxd2 38. Kc6 Bc3 39. Nxa6 Bxa5
40. d6 Rc2+ 41. Kd5 Bb6 42. d7 Rd2+ 43. Ke6 Bd8 44. Nc5 Re2+ 45. Kf7 Re7+ 46.
Kf8 g6 47. f4 h4 48. Rd2 Re3 49. Nb7 Bc7 50. d8=Q Bxd8 51. Nxd8 Re4 52. Rf2 Kh6
53. Kf7 Kh5 54. Ne6 h3 55. Ng5 Re3 56. Rh2 Kg4 57. Nxh3 Kg3 58. Rh1 Kg2 59. Rg1+
Kxh3 60. Kxg6 Re8 61. Kf7 Re4 62. f5 Rf4 63. f6 Kh2 64. Rg6 Ra4 65. Kg7 Ra7+ 66.
f7 1-0

[Event "Chigorin Memorial 2016"]
[Site "St Petersburg RUS"]
[Date "2016.10.16"]
[Round "2.137"]
[White "Golikov, Sergei"]
[Black "Aseev, Vladimir"]
[Result "0-1"]
[WhiteElo "1789"]
[BlackElo "2087"]
[WhiteFideId "34103330"]
[BlackFideId "24121371"]
[EventDate "2016.10.15"]

1. d4 Nf6 2. Nf3 g6 3. g3 Bg7 4. Bg2 O-O 5. O-O d6 6. Nc3 Nbd7 7. e4 c6 8. h3 e5
9. dxe5 dxe5 10. Be3 Qe7 11. a3 Nc5 12. Bg5 h6 13. Bxf6 Bxf6 14. b4 Ne6 15. Qc1
Kh7 16. Qe3 Nd4 17. Rac1 a5 18. Ne2 axb4 19. axb4 Qxb4 20. Nexd4 exd4 21. Qf4
Bg7 22. e5 c5 23. Qh4 Re8 24. Ng5+ Kg8 25. Ne4 Rxe5 26. Qd8+ Kh7 27. Nd6 Qa4 28.
Ra1 Qxa1 29. Rxa1 Rxa1+ 30. Kh2 Be6 31. Nxb7 Rc1 32. Nd6 Rxc2 33. Ne4 Bd5 34. f3
Bxe4 35. fxe4 Rxe4 36. Qd5 Ree2 0-1

[Event "Chigorin Memorial 2016"]
[Site "St Petersburg RUS"]
[Date "2016.10.16"]
[Round "2.138"]
[White "Nasibullin, Iskander"]
[Black "Ismagilov, Igor"]
[Result "1-0"]
[WhiteElo "2085"]
[BlackElo "1775"]
[WhiteFideId "34124273"]
[BlackFideId "44100507"]
[EventDate "2016.10.15"]

1. e4 c5 2. Nf3 Nc6 3. d4 cxd4 4. Nxd4 g6 5. Nb3 Bg7 6. Nc3 Nf6 7. Be2 O-O 8.
O-O Qc7 9. Re1 a6 10. Bg5 d6 11. Bf1 Qd8 12. Nd5 Nxd5 13. exd5 Ne5 14. c3 f6 15.
Be3 Ng4 16. Bd4 Bd7 17. Qe2 Re8 18. Qc4 Qc8 19. Qb4 Nh6 20. Rad1 Nf5 21. Bb6 Bh6
22. Re4 Qb8 23. Na5 Kf7 24. Bc4 Bg7 25. Bb3 h5 26. Rde1 Nh6 27. Nc6 Qc8 28.
Rxe7+ Rxe7 29. Rxe7+ Kf8 30. Qxd6 Nf5 31. Qxd7 bxc6 32. d6 Qxd7 33. Rxd7 Re8 34.
g3 h4 35. Rf7+ Kg8 36. d7 Re1+ 37. Kg2 Nd6 38. d8=Q+ Ne8 39. Rf8+ Kxf8 40. Bc5+
Re7 41. gxh4 g5 42. hxg5 f5 43. Bxe7# 1-0

[Event "Chigorin Memorial 2016"]
[Site "St Petersburg RUS"]
[Date "2016.10.16"]
[Round "2.140"]
[White "Dmitriev, Vladimir"]
[Black "Tsao, Yui"]
[Result "0-1"]
[WhiteElo "2081"]
[BlackElo "1768"]
[WhiteFideId "4175069"]
[BlackFideId "6001114"]
[EventDate "2016.10.15"]

1. e4 e6 2. d4 d5 3. Nd2 f5 4. e5 c5 5. c3 Nc6 6. Ne2 cxd4 7. cxd4 Qb6 8. Nf3
Bb4+ 9. Nc3 Bd7 10. Be2 Rc8 11. O-O Na5 12. Bd2 Nc4 13. Bxc4 Rxc4 14. Re1 Bf8
15. Rb1 Ne7 16. h4 Rc8 17. Ne2 Qa6 18. Nc3 Bb5 19. b4 Qc6 20. Nxb5 Qxb5 21. Ng5
Qd7 22. b5 h6 23. Nf3 g6 24. Be3 Bg7 25. Qd2 Kf7 26. a4 Rc4 27. Ra1 Nc8 28. Reb1
Nb6 29. a5 Nc8 30. Ne1 Bf8 31. Nd3 b6 32. axb6 axb6 33. Ra6 Qc7 34. Rb2 Kg7 35.
Nf4 Kf7 36. h5 g5 37. Ng6 Rg8 38. Ra3 Bxa3 39. Bxg5 Bxb2 40. Qxb2 hxg5 41. Qd2
Rxg6 0-1

[Event "Chigorin Memorial 2016"]
[Site "St Petersburg RUS"]
[Date "2016.10.16"]
[Round "2.141"]
[White "Slugin, Yaroslav"]
[Black "Stepanov, Ivan"]
[Result "1-0"]
[WhiteElo "2081"]
[BlackElo "1760"]
[WhiteFideId "34142913"]
[BlackFideId "44163541"]
[EventDate "2016.10.15"]

1. e4 c5 2. Nf3 d6 3. c3 Nf6 4. Be2 e6 5. O-O Be7 6. Re1 O-O 7. Bf1 Nc6 8. d4
cxd4 9. cxd4 Qb6 10. b3 Bd7 11. Bb2 Rac8 12. Nbd2 d5 13. exd5 Nxd5 14. Nc4 Qd8
15. a3 Be8 16. Ne3 Nxe3 17. fxe3 Bf6 18. Rc1 Bd7 19. Nd2 Na5 20. Nc4 Nxc4 21.
Bxc4 Bh4 22. Rf1 Bc6 23. Qe2 Bd5 24. a4 f5 25. Ba3 Bxc4 26. Rxc4 Rf7 27. Rfc1
Rfc7 28. R1c3 Bf6 29. Qc2 Rxc4 30. Rxc4 Rxc4 31. bxc4 Qa5 32. Kf2 Bh4+ 33. g3
Qc7 34. Qb3 Be7 35. Bb2 b6 36. Bc3 Qc6 37. d5 exd5 38. cxd5 Qd6 39. Qc4 Kf7 40.
Kf3 Qc5 41. Qxc5 bxc5 42. e4 fxe4+ 43. Kxe4 Bf6 44. Bd2 Ke7 45. Be3 Kd6 46. Bf4+
Kd7 47. Kd3 a6 48. Be3 h5 49. Bxc5 h4 50. Bd4 hxg3 51. hxg3 Bd8 52. Bxg7 Ke7 53.
Ke4 Kf7 54. Be5 Kg6 55. d6 Kg5 56. Kd5 Kf5 57. Bf4 Ba5 58. Kc6 1-0

[Event "Chigorin Memorial 2016"]
[Site "St Petersburg RUS"]
[Date "2016.10.16"]
[Round "2.142"]
[White "Valov, Vasilii"]
[Black "Bimiev, Ahmad"]
[Result "0-1"]
[WhiteElo "1779"]
[BlackElo "2076"]
[WhiteFideId "44147856"]
[BlackFideId "24102938"]
[EventDate "2016.10.15"]

1. e4 e5 2. Nf3 Nc6 3. c3 Nf6 4. d4 d5 5. exd5 Qxd5 6. dxe5 Qxd1+ 7. Kxd1 Ng4 8.
Ke1 Ngxe5 9. Nxe5 Nxe5 10. f4 Ng6 11. Be3 Bd6 12. g3 O-O 13. Bg2 Ne7 14. Nd2 Nf5
15. Nc4 Be6 16. Be4 Nxe3 17. Nxe3 Rae8 18. Kd2 Bc5 19. Rhe1 Rd8+ 20. Kc2 Rfe8
21. Ng2 c6 22. f5 Bc4 23. b3 Rxe4 24. bxc4 Rxc4 25. Kb3 Rg4 26. Rad1 Rxd1 27.
Rxd1 Kf8 28. Rd7 b5 29. Rc7 Bg1 30. Rxc6 Bxh2 31. Rc8+ Ke7 32. Rc7+ Kf6 33. Rxa7
Bxg3 34. Rb7 Bf2 35. Rxb5 Rxg2 36. a4 h5 37. a5 h4 38. a6 h3 39. Rb8 Rg1 40. Rh8
Ra1 41. Rxh3 Rxa6 42. Kc4 Ra5 0-1

[Event "Chigorin Memorial 2016"]
[Site "St Petersburg RUS"]
[Date "2016.10.16"]
[Round "2.143"]
[White "Kamnev, Alexander"]
[Black "Stolyarsky, Yegor"]
[Result "0-1"]
[WhiteElo "2073"]
[BlackElo "1751"]
[WhiteFideId "24176753"]
[BlackFideId "2814595"]
[EventDate "2016.10.15"]

1. e4 e5 2. Nf3 Nc6 3. Bc4 Bc5 4. c3 Nf6 5. d3 d6 6. Nbd2 Bb6 7. O-O O-O 8. Re1
Ne7 9. Nf1 Ng6 10. Ng3 c6 11. Bb3 h6 12. h3 Qc7 13. Nh2 d5 14. Ng4 Qd6 15. Qf3
Nxg4 16. hxg4 Nh4 17. Qe2 Qf6 18. Nf5 Nxf5 19. gxf5 Kh7 20. g4 g6 21. Kg2 gxf5
22. exf5 Bxf5 23. f3 Rg8 24. Qxe5 Rxg4+ 25. fxg4 Be4+ 26. Rxe4 Qf2+ 27. Kh3 Qf1+
28. Kg3 Bf2+ 29. Kf3 Be1+ 30. Ke3 Qf2# 0-1

[Event "Chigorin Memorial 2016"]
[Site "St Petersburg RUS"]
[Date "2016.10.16"]
[Round "2.144"]
[White "Titievskaya, Elizaveta"]
[Black "Atlas, Eduard"]
[Result "0-1"]
[WhiteElo "1774"]
[BlackElo "2072"]
[WhiteFideId "34127469"]
[BlackFideId "24111767"]
[EventDate "2016.10.15"]

1. e4 c5 2. Nf3 d6 3. d4 cxd4 4. Nxd4 Nf6 5. Nc3 a6 6. Bg5 Nbd7 7. f4 h6 8. Bh4
Qa5 9. Qd2 e6 10. O-O-O Be7 11. f5 e5 12. Nf3 Qc7 13. Rg1 b5 14. a3 Bb7 15. Qe2
Nb6 16. g4 Nc4 17. Bxf6 Bxf6 18. Nd5 Bxd5 19. Rxd5 Bg5+ 20. Nxg5 hxg5 21. Rg2
Ke7 22. Qf3 Nb6 23. Rd3 Rac8 24. Rc3 Qb7 25. Rxc8 Rxc8 26. h4 gxh4 27. g5 Kd7
28. Qg4 Kc7 29. Qxh4 Kb8 30. Bd3 d5 31. f6 g6 32. Re2 d4 33. Qg3 Qc7 34. Rh2 Nd7
35. a4 Qa5 36. axb5 axb5 37. b3 Kc7 38. Rh7 Rf8 39. Qh2 Qe1+ 40. Kb2 Qc3+ 41.
Kc1 Ra8 42. Kd1 Ra1+ 43. Ke2 Qe1+ 44. Kf3 Qe3+ 45. Kg2 Qxg5+ 46. Kf3 Qxf6+ 47.
Kg2 Qg5+ 48. Kf3 Qe3+ 49. Kg2 Rd1 50. Qh3 Rg1+ 0-1

[Event "Chigorin Memorial 2016"]
[Site "St Petersburg RUS"]
[Date "2016.10.16"]
[Round "2.145"]
[White "Zolotyh, Lev"]
[Black "Fukson, Sofija"]
[Result "0-1"]
[WhiteElo "1767"]
[BlackElo "2069"]
[WhiteFideId "34133353"]
[BlackFideId "24133051"]
[EventDate "2016.10.15"]

1. e4 e6 2. d4 d5 3. exd5 exd5 4. c4 Be6 5. Nc3 Nf6 6. cxd5 Nxd5 7. Nf3 Be7 8.
Bd3 a6 9. O-O Nc6 10. a3 O-O 11. Bc2 Re8 12. Qd3 g6 13. Ne5 Bf5 14. Nxc6 bxc6
15. Qd1 Bxc2 16. Qxc2 Bf6 17. Rd1 Bxd4 18. Qa4 Qf6 19. Bd2 Qxf2+ 20. Kh1 Re6 21.
Qc4 Bxc3 22. bxc3 Re2 23. Rg1 Rxd2 24. Qxc6 Rf8 25. Raf1 Qb6 26. Qd7 Qe6 27. Qa4
Nxc3 28. Qb4 Ne4 0-1

[Event "Chigorin Memorial 2016"]
[Site "St Petersburg RUS"]
[Date "2016.10.16"]
[Round "2.146"]
[White "Gorbatenko, Alexander"]
[Black "Pankova, Julia"]
[Result "1-0"]
[WhiteElo "2067"]
[BlackElo "1745"]
[WhiteFideId "4145976"]
[BlackFideId "34103276"]
[EventDate "2016.10.15"]

1. e4 c5 2. Nf3 Nc6 3. d4 cxd4 4. Nxd4 g6 5. c4 Bg7 6. Be3 Nf6 7. Nc3 Ng4 8.
Qxg4 Nxd4 9. Qd1 Ne6 10. Rc1 Qa5 11. Bd3 b6 12. Qd2 Bb7 13. O-O Nc5 14. Bb1 d6
15. Bh6 O-O 16. Bxg7 Kxg7 17. Qd4+ Kg8 18. Nd5 Bxd5 19. exd5 Nd7 20. Rc3 b5 21.
Re3 Rfe8 22. cxb5 Qxb5 23. h4 Nf6 24. Rd1 Rac8 25. a3 Qc4 26. Qxc4 Rxc4 27. g3
Rc5 28. Be4 Rec8 29. Bf3 Kf8 30. Kg2 Nd7 31. h5 Ne5 32. Be2 Rc2 33. b4 R2c3 34.
Rxc3 Rxc3 35. hxg6 hxg6 36. a4 Rb3 37. Rd4 Ra3 38. Bb5 Nf3 39. Rc4 Ne5 40. Rc8+
Kg7 41. Rc7 a6 42. Bc6 Nxc6 43. dxc6 Rxa4 44. Rb7 Ra3 45. Ra7 Rb3 46. Ra8 Rc3
47. Rxa6 d5 48. b5 d4 49. Kf1 d3 50. Ke1 Rc2 51. Ra3 Rc5 52. Rb3 e5 53. b6 e4
54. Rb1 Rh5 55. Kd2 Rf5 56. Ke3 Rc5 57. b7 1-0

[Event "Chigorin Memorial 2016"]
[Site "St Petersburg RUS"]
[Date "2016.10.16"]
[Round "2.147"]
[White "Glazov, Anatoly"]
[Black "Volkov, Roman"]
[Result "0-1"]
[WhiteElo "1763"]
[BlackElo "2067"]
[WhiteFideId "4192281"]
[BlackFideId "34191442"]
[EventDate "2016.10.15"]

1. e4 c5 2. Nf3 e6 3. d4 cxd4 4. Nxd4 a6 5. Nc3 b5 6. Bf4 d6 7. Be3 Bb7 8. Bd3
Nf6 9. a3 Nbd7 10. O-O g6 11. Qe2 Bg7 12. f4 O-O 13. Rad1 Re8 14. f5 gxf5 15.
exf5 e5 16. Ndxb5 axb5 17. Nxb5 Qb8 18. Bc4 d5 19. Bb3 Bc6 20. c4 d4 21. Bg5 Nc5
22. Ba2 Nce4 23. Bc1 Bxb5 24. cxb5 Nd6 25. Bc4 Qb6 26. b3 Nde4 27. Qd3 Nc3 28.
Rd2 Rad8 29. a4 e4 30. Qg3 e3 31. Rb2 d3 32. a5 Qc5 33. Kh1 d2 34. Bxd2 exd2 35.
Rxd2 Rxd2 36. Qxc3 Ne4 0-1

[Event "Chigorin Memorial 2016"]
[Site "St Petersburg RUS"]
[Date "2016.10.16"]
[Round "2.148"]
[White "Lazhevskaya, Zhanni"]
[Black "Prishibilovich, Matvei"]
[Result "1-0"]
[WhiteElo "2065"]
[BlackElo "1707"]
[WhiteFideId "4143981"]
[BlackFideId "44167148"]
[EventDate "2016.10.15"]

1. e4 e5 2. Nf3 Nc6 3. Bb5 Nf6 4. O-O Nxe4 5. d4 Nd6 6. Bxc6 dxc6 7. dxe5 Nf5 8.
Qe2 Bc5 9. Rd1 Qe7 10. Nc3 h6 11. Ne4 Bb6 12. a4 a6 13. b3 Be6 14. Ba3 c5 15.
Qe1 Ba7 16. Qc3 b6 17. b4 cxb4 18. Qc6+ Bd7 19. Qxa8+ Qd8 20. Qxa7 bxa3 21. e6
fxe6 22. Ne5 O-O 23. Nxd7 Re8 24. Ndf6+ 1-0

[Event "Chigorin Memorial 2016"]
[Site "St Petersburg RUS"]
[Date "2016.10.16"]
[Round "2.149"]
[White "Sokolov, Ilia"]
[Black "Tsapalin, Sergey"]
[Result "1-0"]
[WhiteElo "1762"]
[BlackElo "2060"]
[WhiteFideId "34107468"]
[BlackFideId "4107071"]
[EventDate "2016.10.15"]

1. Nf3 f5 2. g3 Nf6 3. Bg2 g6 4. O-O d6 5. d4 Bg7 6. c4 Nc6 7. Nc3 O-O 8. Qc2 e5
9. dxe5 dxe5 10. Rd1 Qe7 11. Nd5 Nxd5 12. cxd5 Nd8 13. Be3 Re8 14. Rac1 c6 15.
Bg5 Bf6 16. d6 Qf7 17. Bxf6 Qxf6 18. d7 Bxd7 19. Rxd7 Re7 20. Qb3+ Kf8 21. Rcd1
Rxd7 22. Rxd7 h5 23. Qb4+ Kg8 24. Qd6 1-0

[Event "Chigorin Memorial 2016"]
[Site "St Petersburg RUS"]
[Date "2016.10.16"]
[Round "2.150"]
[White "Yanko, Ivan"]
[Black "Lapin, Nikita"]
[Result "1-0"]
[WhiteElo "2060"]
[BlackElo "1686"]
[WhiteFideId "34134716"]
[BlackFideId "34164887"]
[EventDate "2016.10.15"]

1. e4 c5 2. Nf3 e6 3. d4 cxd4 4. Nxd4 Qb6 5. Nb3 Qc7 6. Bd3 Nf6 7. Qf3 Bb4+ 8.
N1d2 Nc6 9. O-O O-O 10. Nc4 b5 11. Ne3 Ne5 12. Qe2 a6 13. a4 Bd6 14. axb5 Nxd3
15. cxd3 Bxh2+ 16. Kh1 Rb8 17. Ng4 Be5 18. d4 Nxg4 19. Qxg4 Rxb5 20. Ra3 Bd6 21.
Bh6 g6 22. Rc1 Rh5+ 23. Qxh5 Qxc1+ 24. Nxc1 gxh5 25. Bxf8 Bxf8 26. Rb3 d5 27.
Nd3 dxe4 28. Nf4 Bd6 29. Nxh5 Kf8 30. Nf6 Ke7 31. Nxe4 Bf4 32. g3 Bd6 33. Kg2 f5
34. Ng5 Kf6 35. Nxh7+ Kg6 36. Nf8+ Kf7 37. Nh7 Kg6 38. Kh3 f4 39. Rb6 Be7 40.
Rc6 Kxh7 41. Rxc8 1-0

[Event "Chigorin Memorial 2016"]
[Site "St Petersburg RUS"]
[Date "2016.10.16"]
[Round "2.151"]
[White "Yurasova, Daria"]
[Black "Kiseleva, Arina"]
[Result "0-1"]
[BlackTitle "WCM"]
[WhiteElo "1757"]
[BlackElo "2059"]
[WhiteFideId "34146919"]
[BlackFideId "4164989"]
[EventDate "2016.10.15"]

1. d4 Nf6 2. c4 g6 3. Nc3 Bg7 4. e4 d6 5. Nf3 O-O 6. Be2 Nc6 7. Be3 e5 8. d5 Ne7
9. Nd2 Ne8 10. f3 f5 11. O-O f4 12. Bf2 g5 13. b4 a5 14. a3 Nf6 15. c5 axb4 16.
axb4 Rxa1 17. Qxa1 g4 18. cxd6 cxd6 19. Nc4 gxf3 20. Bxf3 Bg4 21. Bb6 Qd7 22.
Qa4 Bxf3 23. Rxf3 Qxa4 24. Nxa4 Nxe4 25. Rd3 Ra8 26. Ba5 b5 27. Ncb6 Rb8 28. Nc3
Nxc3 29. Rxc3 e4 30. Rc7 Bd4+ 31. Kf1 Nf5 32. Nc8 Ne3+ 33. Ke2 Nxd5 34. Ne7+
Nxe7 35. Rxe7 Be5 36. Bc7 Ra8 37. Ba5 h5 38. Rc7 h4 39. h3 Kh8 40. Rd7 Rg8 41.
Kf1 f3 42. gxf3 exf3 43. Kf2 Rf8 44. Bb6 Bg3+ 45. Kf1 Re8 46. Bd4+ Kg8 47. Bc3
f2 48. Rg7+ Kf8 49. Rxg3 hxg3 50. h4 Re3 51. Bd2 Rf3 52. Bh6+ Kf7 53. h5 g2+ 54.
Kxg2 f1=Q+ 55. Kh2 Rh3# 0-1

[Event "Chigorin Memorial 2016"]
[Site "St Petersburg RUS"]
[Date "2016.10.16"]
[Round "2.152"]
[White "Kulagin, Sergey"]
[Black "Vorobyova, Ekaterina"]
[Result "1-0"]
[WhiteElo "2054"]
[BlackElo "1668"]
[WhiteFideId "4193253"]
[BlackFideId "34166006"]
[EventDate "2016.10.15"]

1. e4 e5 2. Bc4 Nf6 3. d3 Nc6 4. Nf3 Be7 5. O-O O-O 6. c3 d6 7. Re1 Na5 8. Bb5
a6 9. Ba4 b5 10. Bc2 c5 11. Nbd2 Qc7 12. Nf1 Re8 13. h3 Bf8 14. Bg5 Nd7 15. Ne3
h6 16. Nd5 Qa7 17. Be3 Nb6 18. Nxb6 Qxb6 19. Qd2 Be6 20. Nh4 Rad8 21. a4 Nb3 22.
Bxb3 Bxb3 23. axb5 axb5 24. Nf5 d5 25. Qe2 Re6 26. Ra3 dxe4 27. Rxb3 exd3 28.
Qd2 Qc6 29. Ra3 c4 30. Ra2 Kh7 31. Rea1 Qe4 32. Ng3 Qg6 33. Nf1 f5 34. f3 f4 35.
Bf2 Bd6 36. Re1 e4 37. Rxe4 Rxe4 38. fxe4 Re8 39. Ra1 f3 40. Be3 Rxe4 41. Qf2
fxg2 42. Qxg2 Qe6 43. Ra7 Qe5 44. Kh1 b4 45. Rxg7+ Qxg7 46. Qxe4+ Qg6 47. Qxg6+
Kxg6 48. Nd2 bxc3 49. bxc3 Be5 50. Nb1 h5 51. Kg2 Kf5 52. Kf3 h4 53. Bd2 Bd6 54.
Be1 Ke5 55. Bxh4 Kd5 56. Be1 Be5 57. h4 Bf6 58. h5 Bg7 59. Bd2 Kc5 60. h6 Bh8
61. Ke4 Bf6 62. Be3+ Kb5 63. Bd4 d2 64. Nxd2 Bg5 65. h7 Bxd2 66. h8=Q 1-0

[Event "Chigorin Memorial 2016"]
[Site "St Petersburg RUS"]
[Date "2016.10.16"]
[Round "2.153"]
[White "Khochinsky, Andrey"]
[Black "Malinovsky, Ilya"]
[Result "0-1"]
[WhiteElo "1745"]
[BlackElo "2053"]
[WhiteFideId "54138019"]
[BlackFideId "24146374"]
[EventDate "2016.10.15"]

1. d4 Nf6 2. c4 c5 3. d5 b5 4. cxb5 a6 5. bxa6 Bxa6 6. Nc3 d6 7. Nf3 g6 8. g3
Bg7 9. Bg2 Nbd7 10. O-O O-O 11. Rb1 Qa5 12. Bd2 Rfb8 13. a3 Rb7 14. Ne1 Rab8 15.
Na2 Qc7 16. b4 Bc4 17. Nc3 cxb4 18. axb4 Rxb4 19. Rxb4 Rxb4 20. Nd3 Rb8 21. Qa4
Bxd3 22. exd3 Rb2 23. Qa8+ Nf8 24. Nb1 Qc2 25. Qc6 Qxd3 26. Qc3 Qb5 27. Na3 Qb8
28. Qc1 Qb3 29. Nb1 Nxd5 30. Bxd5 Qxd5 31. Bc3 Rxb1 0-1

[Event "Chigorin Memorial 2016"]
[Site "St Petersburg RUS"]
[Date "2016.10.16"]
[Round "2.154"]
[White "Pogorelskikh, Sofia"]
[Black "Sinitsina, Anastassia"]
[Result "1-0"]
[BlackTitle "WCM"]
[WhiteElo "1717"]
[BlackElo "2047"]
[WhiteFideId "44164548"]
[BlackFideId "4504640"]
[EventDate "2016.10.15"]

1. e4 c5 2. Nf3 d6 3. d4 cxd4 4. Nxd4 Nf6 5. Nc3 a6 6. Be3 e5 7. Nb3 Be7 8. f3
h5 9. Qd2 Be6 10. Nd5 Bxd5 11. exd5 b5 12. O-O-O Nbd7 13. Na5 Qc7 14. Nc6 Rc8
15. Na7 Ra8 16. Nc6 Nb6 17. Bxb6 Qxb6 18. Kb1 Rc8 19. c4 bxc4 20. Bxc4 Kf8 21.
Qd3 a5 22. Qa3 Qf2 23. Rhg1 e4 24. Qxa5 exf3 25. Qe1 Qxe1 26. Rgxe1 fxg2 27. Rd2
Ng4 28. Rxg2 Bf6 29. Bb5 Rh6 30. Rc2 Ra8 31. Na7 Be5 32. Nc8 Rb8 33. Ba4 Rf6 34.
Nb6 Ke7 35. Nd7 Rb4 36. Nxf6 Kxf6 37. Bb3 Bxh2 38. Rh1 h4 39. Rcxh2 Nxh2 40.
Rxh2 g5 41. Kc2 Kf5 42. Kc3 Rf4 43. Kd3 Rf3+ 44. Ke2 Kg4 45. Rg2+ Rg3 46. Kf2
Kh3 47. Rxg3+ hxg3+ 48. Kg1 f5 49. Bc2 f4 50. Be4 g4 51. Bg2+ Kh4 52. a4 f3 53.
Bf1 Kg5 54. a5 Kf4 55. a6 Ke3 56. a7 g2 57. a8=Q 1-0

[Event "Chigorin Memorial 2016"]
[Site "St Petersburg RUS"]
[Date "2016.10.16"]
[Round "2.155"]
[White "Altshul, Raffael"]
[Black "Pavlov, Mikhail"]
[Result "1-0"]
[WhiteTitle "FM"]
[WhiteElo "2044"]
[BlackElo "1645"]
[WhiteFideId "4120280"]
[BlackFideId "44126573"]
[EventDate "2016.10.15"]

1. d4 d5 2. c4 c6 3. Nf3 Nf6 4. e3 e6 5. Bd3 dxc4 6. Bxc4 b5 7. Bd3 Bb7 8. O-O
a6 9. Qe2 c5 10. dxc5 Bxc5 11. Bxb5+ Nbd7 12. Ba4 O-O 13. Nc3 Nb6 14. Bc2 Qc7
15. e4 Rfd8 16. Bg5 Rd7 17. Rac1 Ng4 18. Ba4 Bc6 19. Bxc6 Qxc6 20. h3 Nxf2 21.
Rxf2 Bxf2+ 22. Qxf2 Qb7 23. Ne5 Rc7 24. Be3 Nc4 25. Nxc4 Rxc4 26. Rd1 f6 27. Rd6
Rc6 28. Rd4 Rb8 29. Rd2 Qb4 30. Qg3 Rb7 31. Rd8+ Kf7 32. Qh4 Ke7 33. Rd2 Rd6 34.
Rxd6 Qxd6 35. Qxh7 Rxb2 36. Qxg7+ Ke8 37. Qxf6 Qc6 38. Nd5 Rb7 39. Qg6+ Kd7 40.
Qf7+ Kd6 41. Qf8+ Kd7 42. Nf6+ Kc7 43. Bf4+ Kb6 44. Qb4+ Ka7 45. Qd4+ Qb6 46.
Be3 Qxd4 47. Bxd4+ Kb8 48. h4 Rb4 49. Be5+ Kc8 50. h5 1-0

[Event "Chigorin Memorial 2016"]
[Site "St Petersburg RUS"]
[Date "2016.10.16"]
[Round "2.156"]
[White "Zakharov, Yuri"]
[Black "Muhtarov, Leonid"]
[Result "0-1"]
[WhiteElo "1689"]
[BlackElo "2044"]
[WhiteFideId "4166620"]
[BlackFideId "14101017"]
[EventDate "2016.10.15"]

1. Nf3 Nf6 2. g3 g6 3. Bg2 c5 4. O-O Bg7 5. d3 d5 6. Nbd2 Nc6 7. e4 O-O 8. Re1
e5 9. c3 h6 10. Qc2 Be6 11. Nf1 Qc7 12. Bd2 c4 13. Qc1 dxe4 14. dxe4 Kh7 15. Qc2
Rad8 16. Nh4 Nd7 17. Ne3 Nc5 18. Nd5 Bxd5 19. exd5 Ne7 20. b3 Nd3 21. Re2 b5 22.
bxc4 bxc4 23. Rb1 f5 24. d6 Qxd6 25. Qa4 e4 26. f4 Qc7 27. Bf1 Rb8 28. Rxb8 Rxb8
29. Ng2 Nd5 30. Qa3 Bf8 31. Qa4 Bc5+ 32. Ne3 Rb2 33. Kg2 Bxe3 34. Bxe3 Nxc3 0-1